000
00330 a2200157 4500
001
46411
020
_a
9781450809986
040
_c
Anchieta - Aquarius
100
_a
Spathis, Joanna
240
1
0
_a
Backyardigans
_l
por
245
1
0
_a
Backyardigans
300
_a
362
0
_a
2010
650
4
_a
Literatura infantil
942
_c
BK
999
_c
46411
_d
46411